Cuentos de la Alhambra / (Registro nro. 12371)

Detalles MARC
000 -LIDER
fixed length control field 00980nam a22003017a 4500
001 - NÚMERO DE CONTROL
Identificador de número de control 0011941
003 - IDENTIFICACDOR DE NÚMERO DE CONTROL
control field DO-SdBNP
005 - DATE AND TIME OF LATEST TRANSACTION
control field 20180215125147.0
007 - CAMPOS FIJOS DE DESCRIPCIÓN FÍSICA
fixed length control field 0011941
008 - ELEMENTOS DE LONGITUD FIJA
fixed length control field 161208b 200? sp|||| |||| 00| 0 spa d
020 ## - ISBN
International Standard Book Number 9788430558926
040 ## - FUENTE DE CATALOGACIÓN
Agencia que crea de manera original el registro BPMSU
Idioma de catalogación spa
Agencia que realiza la transcripción BPMSU
082 #4 - NÚMERO DE CLASIFICACIÓN DECIMAL DE DEWEY
Classification number 813
Item number I72c
100 1# - ASIENTO PRINCIPAL -- NOMBRE PERSONAL
Nombre personal Morán, José,
245 10 - MENCIÓN DE TITULO
Título Cuentos de la Alhambra /
Mención de responsabilidad Washington Irving ; selección, adaptación y prólogo José Morán ; edición Ana Doblado ; ilustraciones Antonio Perera
260 ## - PUBLICACIÓN, DISTRIBUCIÓN, ETC. (PIE DE IMPRENTA)
Lugar de publicación, distribución, etc Granada :
Nombre del editor, distribuidor, etc. Miguel Sánchez,
Fecha de publicación, distribución, etc 1991.
300 ## - DESCRIPCIÓN FÍSICA
Extensión 190 p. :
Otros detalles físicos il. ;
Dimensiones 19 cm.
490 1# - MENCIÓN DE SERIES
Mención de serie Grandes libros
650 #4 - ENCABEZAMIENTO DE MATERIA--TEMÁTICO
Término temático o nombre geográfico como elemento de entrada NOVELA ESTADOUNIDENSE
650 #4 - ENCABEZAMIENTO DE MATERIA--TEMÁTICO
Término temático o nombre geográfico como elemento de entrada ALHAMBRA
Subdivisión temática general NOVELA
700 12 - ASIENTO SECUNDARIO -- NOMBRE PERSONAL
Nombre personal Irving, Washington,
Fechas asociadas con el nombre 1783-1859.
Título de una obra Cuentos de la Alhambra
700 12 - ASIENTO SECUNDARIO -- NOMBRE PERSONAL
Nombre personal Doblado, Ana,
Mención de responsabilidad edición
700 12 - ASIENTO SECUNDARIO -- NOMBRE PERSONAL
Nombre personal Perera, Antonio,
Mención de responsabilidad ilustraciones
830 #0 - ASIENTO SECUNDARIO DE SERIE--TÍTULO UNIFORME
Título uniforme Grandes libros
942 ## - ADDED ENTRY ELEMENTS (KOHA)
Source of classification or shelving scheme Dewey Decimal Classification
Koha item type Libros
945 ## - INFORMACIÓN DE PROCESAMIENTO LOCAL
Información de procesamiento local Inventariado, 2018/MFF
956 ## - LOCAL ELECTRONIC LOCATION AND ACCESS (OCLC)
Nombre de host BTAVÁREZ
Número de acceso 10
Información de compresión 20161208
Trayectoria 0011941
Existencias
Withdrawn status Lost status Source of classification or shelving scheme Damaged status Not for loan Collection code Home library Current library Date acquired Source of acquisition Total Checkouts Barcode Date last seen Price effective from Koha item type
    Dewey Decimal Classification     Colección Infantil General Biblioteca Pública Metropolitana Salomé Ureña Biblioteca Pública Metropolitana Salomé Ureña 12/08/2016 Fundi   BPMSU16120236 12/08/2016 12/08/2016 Libros